000 00272nam a22001097a 4500
008 160520b xxu||||| |||| 00| 0 eng d
020 _a031239974X
041 _aeng
080 _a003.2
245 _aWriting first:
_cLaurie G. Kirsznger; Stephen R. Mandell;
942 _2udc
_cBK
999 _c2327
_d2327